| 000 | 00357nam a22001337a 4500 | ||
|---|---|---|---|
| 020 | _a0-13-212100-X | ||
| 082 | _a621.3815 STR'D | ||
| 100 |
_aSTRANGIO, C.E _976096 |
||
| 245 | _aDIGITAL ELECTRONICS FUNDAMENTAL CONCEPTS AND APPLICATIONS | ||
| 260 |
_aNEWJERSY _bPRENTICE HALL _c1980 |
||
| 300 | _a523P | ||
| 650 |
_aDIGITAL ELECTRONICS _93115 |
||
| 942 | _cBK | ||
| 999 |
_c581521 _d581521 |
||